00507nam a2200157 a 450000500170000000800410001702000180005805000170007610000200009324500460011326000350015930000090019465000130020399900190021695201140023520140412111401.0100121s19uu xx 00 eng d a1-57064-118-8 aERbD86 1997 aDudko, Mary Ann aBarney's Alphabet Soup /cMary Ann Dudko. aNew York :bScholastic,c1997. aunp. aAlphabet c105470d105470 00104050aELbELcERd2010-01-21eGiftg285.00l0oER D86 1997pE10223r2014-04-12 00:00:00w2014-04-12yBK